01145nabaa22001937a 4500003000400000005001700004008004100021040000700062100002700069245018200096300001500278500003600293505032800329505008900657650002700746650003300773650003200806773011300838OSt20260123210750.0190701b xxu||||| |||| 00| 0 spa d cPJ aOby, Cristian Gustavo 13aEl plazo razonable :bsus implicancias en el procedimiento administrativo disciplinario de acuerdo con las directivas constitucionales y convencionales /cCristian Gustavo Oby.  ap. 208-255 aCita: TR LALEY AR/DOC/364/2024  aSumario: I. Introducción.— II. Procedimiento administrativo general: injerencia de sus principios y normativa sobre el instituto del plazo razonable.— III. Procedimiento administrativo especial disciplinario: finalidad y principios.— IV. El plazo razonable.—V. Conclusiones.— VI. Bibliografía complementaria.  t¿Te interesa el texto completo? Comunicate al correo: koha@justierradelfuego.gov.ar 0aDERECHO ADMINISTRATIVO 0aPROCEDIMIENTO ADMINISTRATIVO 0aCONTROL DE CONVENCIONALIDAD0 02842dBuenos Aires : AbeledoPerrot, 2012-oDA121tDerecho administrativo. Nº 152 marzo/abril 2024z18510590